00394nam a2200121Ia 4500008004100000082001800041100001000059245005400069260003500123365000600158630005400164730005400218100415s9999 xx 000 0 und d b3423a500(54) aR.G.S aRecords Of The Geological Survey Of India Vol.44 aCalcattac1914bGOVT. OF INDIA b0 aRecords Of The Geological Survey Of India Vol.44 aRecords Of The Geological Survey Of India Vol.44